00509nam a2200181 a 4500008004100000020001500041050001700056100002700073245002000100250001200120260005800132300002100190350000900211650001400220650004100234700002600275700002600301120416s1986 ||||||||||||||||| || u a0534052983 aQA 154.2 Gil aGilbert, Jimmie, 1934-10aCollege algebra a2nd ed. aBelmont, Calif. :bWadsworth Publishing Companyc1986 axi ; 420p. ;ill. a0.00 aTEXTBOOKS 0aMATHEMATICS--HANDBOOKS, MANUALS, ETC aSpencer, James, 1943- aGilbert, Linda, 1948-